| Tag |
First Indicator |
Second Indicator |
Subfields |
| LEADER |
00000cjm a2200000Ia 4500 |
| 001 |
in00002590413 |
| 005 |
20151201150238.0 |
| 007 |
sd fsngnnmmnuu |
| 008 |
100405s2010 enkconn efhi n zxx d |
| 024 |
1 |
|
|a 822252219227
|
| 028 |
0 |
2 |
|a AV2192
|b Avie
|
| 035 |
|
|
|a (OCoLC)ocn599982568
|
| 035 |
|
|
|a (OCoLC)599982568
|
| 040 |
|
|
|a TXH
|c TXH
|d UtOrBLW
|
| 041 |
0 |
|
|g eng
|g fre
|g ger
|
| 048 |
|
|
|b ka01
|a oa
|
| 049 |
|
|
|a TXAM
|
| 090 |
|
|
|a M1010.R12
|b P53 2010
|
| 100 |
1 |
|
|a Rachmaninoff, Sergei,
|d 1873-1943.
|
| 240 |
1 |
0 |
|a Concertos,
|m piano, orchestra,
|n no. 2, op. 18,
|r C minor
|
| 245 |
1 |
0 |
|a Piano concertos 2 & 3 /
|c Rachmaninov.
|
| 264 |
|
1 |
|a [Morden, Surrey] :
|b Avie Records,
|c 2010.
|
| 300 |
|
|
|a 1 sound disc :
|b digital, stereo ;
|c 4 3/4 in.
|
| 306 |
|
|
|a 003342
|a 004158
|
| 336 |
|
|
|a performed music
|b prm
|2 rdacontent
|
| 337 |
|
|
|a audio
|b s
|2 rdamedia
|
| 338 |
|
|
|a audio disc
|b sd
|2 rdacarrier
|
| 511 |
1 |
|
|a Simon Trpč̌eski, piano, piano ; Royal Liverpool Philharmonic Orchestra ; Vasily Petrenko, conductor.
|
| 500 |
|
|
|a Compact disc.
|
| 500 |
|
|
|a Notes in English, French and German inserted in container.
|
| 518 |
|
|
|a Recorded April 8-9 and Aug. 1, 209 at Philharmonic Hall, Liverpool, England.
|
| 505 |
0 |
|
|a Piano concerto no. 2 in C minor, op. 18 (33:42) -- Piano concerto no. 3 in D minor, op. 30 (41:58)
|
| 500 |
|
|
|a Sound recording.
|
| 650 |
|
0 |
|a Concertos (Piano)
|
| 700 |
1 |
|
|a Trpčeski, Simon,
|e performer.
|
| 700 |
1 |
|
|a Petrenko, Vasiliĭ,
|d 1976-
|e conductor.
|
| 700 |
1 |
2 |
|a Rachmaninoff, Sergei,
|d 1873-1943.
|t Concertos,
|m piano, orchestra,
|n no. 3, op. 30,
|r D minor.
|
| 710 |
2 |
|
|a Royal Liverpool Philharmonic Orchestra,
|e performer.
|
| 948 |
|
|
|a cataloged
|b h
|c 2010/5/6
|d c
|e jhennen
|f 10:58:04 am
|
| 994 |
|
|
|a C0
|b TXA
|
| 999 |
|
|
|a MARS
|
| 999 |
f |
f |
|s 38020bea-3729-3fe7-8277-924e428c5c4d
|i 3e34e849-ed8a-329d-b695-f0f3854ad378
|t 0
|
| 952 |
f |
f |
|p ric
|a Texas A&M University
|b Rellis Campus
|c Joint Library Facility
|d Remote Storage
|t 0
|e M1010.R12 P53 2010
|h Library of Congress classification
|i audio -- audio disc
|m A14839147933
|
| 998 |
f |
f |
|a M1010.R12 P53 2010
|t 0
|l Remote Storage
|